000 00817nam a2200253Ia 4500
003 OSt
005 20220923230623.0
006 a|||||r|||| 00| 0
007 ta
008 Pun
020 _c150
024 _a284,645
037 _b861, 12/08/2014, H.K. Prakashan
_cTextual
040 _aARTS
_cARTS
_bPun
041 _2Pun
_aPun
082 _aO153,3NSI4x, Q3
100 _aਸਿੰਘ, ਦੀਪ ਦਵਿੰਦਰ
245 0 _aਧੁੱਪ ਛਾਂ ਤੇ ਰੁੱਖ
260 _aਅੰਮ੍ਰਿਤਸਰ
_b ਲੋਕਧਾਰਾ ਪ੍ਰਕਾFਨ
_c2013
300 _a120ਪੰ
_ccm.
650 _aਪੰਜਾਬੀ ਸਾਹਿਤ
942 _hO153,3NSI4x, Q3
_cTEXL
_2CC
999 _c386096
_d386096